[Event "Montreal Defi Jeunesse qual"]
[Site "Montreal"]
[Date "1997.11.16"]
[Round "4"]
[White "Bachand Fleurent, Julien"]
[Black "Caplan, Adam"]
[Result "1/2-1/2"]
[WhiteElo "1639"]
[BlackElo "1874"]
[PlyCount "75"]
[EventDate "1997.11.13"]
[EventType "swiss"]
[EventRounds "4"]
[EventCountry "CAN"]
[SourceTitle "EXT 2022"]
[Source "ChessBase"]
[SourceDate "2021.10.06"]
[SourceVersion "1"]
[SourceVersionDate "2021.10.06"]
[SourceQuality "1"]

1. e4 e6 2. d4 d5 3. Nc3 dxe4 4. Nxe4 Nd7 5. Nf3 Ngf6 6. Nxf6+ Nxf6 7. Bd3 c5 8. 0-0 Qc7 9. Re1 Be7 10. c3 0-0 11. Bg5 b6 12. Qd2 Bb7 13. Kh1 Rad8 14. Rac1 Bxf3 15. gxf3 Qb7 16. Be4 Qa6 17. Rg1 g6 18. Rg3 Nxe4 19. fxe4 Bxg5 20. Qxg5 cxd4 21. Rh3 f6 22. Qh4 Rf7 23. cxd4 Rxd4 24. Rhc3 Qb7 25. Qh6 Rfd7 26. f3 Rd1+ 27. Kg2 Rxc1 28. Qxc1 Kg7 29. Rc6 e5 30. Kg3 h5 31. Qc4 b5 32. Qc5 g5 33. Rc8 Re7 34. Rc6 h4+ 35. Kf2 Qd7 36. Rd6 Qc7 37. Rc6 Qd7 38. Rd6 1/2-1/2

[Event "Montreal op"]
[Site "Montreal"]
[Date "1995.09.04"]
[Round "5"]
[White "Lacroix, Serge"]
[Black "Caplan, Adam"]
[Result "0-1"]
[WhiteElo "1946"]
[BlackElo "1791"]
[PlyCount "62"]
[EventDate "1995.09.02"]
[EventType "swiss"]
[EventRounds "5"]
[EventCountry "CAN"]
[SourceTitle "EXT 2022"]
[Source "ChessBase"]
[SourceDate "2021.10.06"]
[SourceVersion "1"]
[SourceVersionDate "2021.10.06"]
[SourceQuality "1"]

1. e4 c5 2. Nf3 e6 3. d4 cxd4 4. Nxd4 Nf6 5. Nc3 d6 6. g4 h6 7. h4 Nc6 8. g5 hxg5 9. Bxg5 Be7 10. Rg1 a6 11. Qd2 Nxd4 12. Qxd4 Qc7 13. 0-0-0 Bd7 14. Bc4 Rc8 15. Bb3 Qc5 16. f4 Qxd4 17. Rxd4 g6 18. Rgd1 Bc6 19. f5 gxf5 20. exf5 d5 21. Re1 Ne4 22. Nxe4 dxe4 23. fxe6 f6 24. Bf4 Rxh4 25. Bd6 Rd8 26. Bg3 Rg4 27. Bf2 f5 28. Rh1 Bf6 29. Rxd8+ Kxd8 30. c3 Rg2 31. Bb6+ Ke7 0-1

[Event "Quebec-ch U16"]
[Site "Montreal"]
[Date "1994.02.28"]
[Round "7"]
[White "Caplan, Adam"]
[Black "Hua, Lefong"]
[Result "1/2-1/2"]
[WhiteElo "1563"]
[BlackElo "1837"]
[PlyCount "91"]
[EventDate "1994.02.24"]
[EventType "tourn"]
[EventRounds "7"]
[EventCountry "CAN"]
[SourceTitle "EXT 2022"]
[Source "ChessBase"]
[SourceDate "2021.10.06"]
[SourceVersion "1"]
[SourceVersionDate "2021.10.06"]
[SourceQuality "1"]

1. e4 c5 2. Nf3 d6 3. c3 Nf6 4. Bd3 d5 5. exd5 Nxd5 6. Bc2 Nc6 7. d4 Bg4 8. dxc5 e6 9. h3 Bh5 10. 0-0 Bxc5 11. Nbd2 Bg6 12. Ne4 Be7 13. Re1 0-0 14. Bd2 Qc7 15. a3 Rfd8 16. Qc1 Rac8 17. c4 Nf6 18. Bf4 e5 19. Nxf6+ Bxf6 20. Bg3 Bxc2 21. Qxc2 Nd4 22. Nxd4 Rxd4 23. Qe2 Re8 24. b3 h6 25. Rad1 Rxd1 26. Rxd1 Qb6 27. Qe3 Qa5 28. Rd7 Qxa3 29. Rxb7 Qa1+ 30. Kh2 Rd8 31. Rxa7 Qb1 32. Bxe5 Bxe5+ 33. Qxe5 Rd1 34. Qe8+ Kh7 35. Qxf7 Rh1+ 36. Kg3 Qd3+ 37. f3 Qd6+ 38. Qf4 Qg6+ 39. Qg4 Qd6+ 40. f4 Qf6 41. Qf3 Qg6+ 42. Qg4 Qd3+ 43. Kh4 Qd8+ 44. Kh5 Qe8+ 45. Kh4 Qd8+ 46. Kh5 1/2-1/2